|
|
|
|
| LEADER |
00645cam a2200205 7i4500 |
| 001 |
0000023731 |
| 005 |
20170218090000.0 |
| 008 |
090406 eng |
| 020 |
|
|
|a 9780582298910
|
| 020 |
|
|
|a 0582298911 (pbk.)
|
| 090 |
0 |
0 |
|a HF5547.5
|b .H34 1996
|
| 100 |
1 |
|
|a Harding, Helen
|
| 245 |
1 |
0 |
|a Secretarial procedures :
|b theory and applications
|c Helen Harding.
|
| 250 |
|
|
|a 2nd ed.
|
| 260 |
|
|
|a Essex, England:
|b Longman,
|c 1996.
|
| 300 |
|
|
|a 234 p.:
|b ill.;
|c 25 cm.
|
| 500 |
|
|
|a Includes index
|
| 650 |
0 |
0 |
|a Office practice
|
| 997 |
|
|
|a Business & Accountancy, Faculty
|
| 999 |
|
|
|a 0000021459
|b BOK
|c OPEN SHELF
|e 1st Floor, Shah Alam
|